| 000 | 00917nam a2200277 a 4500 | ||
|---|---|---|---|
| 001 | 24625 | ||
| 003 | CO-ViMGA | ||
| 005 | 20230915232010.0 | ||
| 008 | 141112s2004 ck r 000 u spa d | ||
| 015 | _ack - 2010 - xxxx | ||
| 020 | _a9789586486446 | ||
| 040 |
_aCO-ViMGA _bspa _cCO-ViMGA |
||
| 043 | _as - ck - - - | ||
| 082 | 0 | 4 | _a658.4092 G87c |
| 100 | 1 |
_aGutiérrez Tobar, Edimer. _936677 |
|
| 245 | 1 | 0 |
_aCompetencias gerenciales / _cEdimer Gutiérrez Tobar. |
| 260 |
_aBogotá : _bEcoe Ediciones, _c2010. |
||
| 300 | _a178 p. ; 24 cm. | ||
| 650 | 1 | 4 |
_aAdministración _9558 |
| 650 | 1 | 4 |
_aCompetencia administrativa _936678 |
| 650 | 1 | 4 |
_aLiderazgo empresarial _936679 |
| 650 | 1 | 4 |
_aPlanificación estratégica _922553 |
| 942 |
_2ddc _cBK |
||
| 949 | _ac n | ||
| 999 |
_c32442 _d32442 |
||